Welcher Film ist das? #2 Bilderrätsel - Statistiken

Allgemein
  • Dieses Quiz wurde 88 mal gespielt
  • Das Durchschnittsergebnis liegt bei 5 aus 16
Antwortstatistiken
Bildquiz Antwort % Korrekt
Pulp Fiction
84%
Iron Man 2
72%
Forrest Gump
55%
Gran Torino
41%
Asterix und Kleopatra
39%
r.e.d härter älter besser
39%
wild wild west
36%
Passengers
26%
shanghai noon
26%
The Book of Eli
22%
fast and furious tokyo drift
20%
Der Pate
15%
Ohne Limit
15%
Van Helsing
9%
Free Willy – Ruf der Freiheit
8%
Black Dynamite
5%
Keine übereinstimmenden Quizze gefunden
Verteilung der Resultate
Anzahl Personen mit jedem Resultat
Perzentil nach korrekt beantworteten Fragen
Ihre Resultats-Entwicklung
Sie haben dieses Quiz noch nicht gespielt